Vista normal Vista MARC

Entrada Materia (personas)

Número de registros utilizados en: 1

001 - CONTROL NUMBER

  • control field: 43596

003 - CONTROL NUMBER IDENTIFIER

  • control field: Co-BoUCM

005 - DATE AND TIME OF LATEST TRANSACTION

  • control field: 20130826111458.0

008 - FIXED-LENGTH DATA ELEMENTS

  • fixed length control field: 130826|| aca||aabn | a|a d

040 ## - CATALOGING SOURCE

  • Original cataloging agency: Co-BoUCM
  • Transcribing agency: Co-BoUCM

100 ## - HEADING--PERSONAL NAME

  • Personal name: Champy, James

670 ## - SOURCE DATA FOUND

  • Source citation: Work cat.: (Co-BoUCM)1370: Hammer, Michael 1948- 43595, Reingeniería, 1994